Регионална библиотека "Любен Каравелов" - Русе

Раят тук и сега (Запис номер 502668)

MARC детайли
000 -Лидер
Лидер 01100nam a2200265 a 4500
003 - Код на организацията, давaща контролен номер
Код на организацията, даваща контролен номер BLK
005 - Дата и час на последна редакция
Дата и час на последна редакция 20250723112013.0
008 - Елементи от данни с фиксирана дължина
Елементи с фиксирана дължина 191022b bu ||||| |||| 00| 0 bu d
020 ## - Международен стандартен номер на книга ISBN
ISBN 9786191953714
040 ## - Източник на каталожния запис
Код на библиотеката BLK
041 ## - Код за език
Език Български
Език за КДБФ Български
080 ## - УДК
УДК текст Английска литература
УДК код 821.111
УДК – определител -9
УДК – код + определител 821.111-9
9 (RLIN) 226869
084 ## - Класификационен индекс по друга класификация
Авторски знак Ми - М 53
100 ## - Редна дума - Автор
Автор Мидълтън, Уилям
R(LIN) 490793
245 ## - Сведения за заглавието
Заглавие Раят тук и сега
Подзаглавни данни Необикновеният живот на Карл Лагерфелд
Авторска отговорност Уилям Мидълтън; превод от англ. Герасим Славов.
260 ## - Област на издателските данни
9 (RLIN) 214104
Място на издаване София
Име на издателя Книгомания
Година на издаване 2023
Печатница Костинброд : Мултипринт
300 ## - Физическа характеристика
Брой страници 415 с.
Размер 24 см
380 ## - Жанр
Жанр Худож. лит.
500 ## - Общи забележки
Обща забележка Ориг. загл. Paradise Now. The Extraordinary Life of Karl Lagerfeld / William Middleton
700 ## - Други автори (авторска отговорност)
9 (RLIN) 246888
Друг автор Славов, Герасим Йорданов
852 ## - Местоположение
Сигнатура (форматна) Цб 323057
Отдел Хранилище
942 ## - АРТИКУЛИ
Вид на библиотечния документ Книги
Скрит в OPAC Не
Koha issues (borrowed), all copies 5
944 ## - СЪЗДАВАНЕ И РЕДАКЦИЯ на ЗАПИСА
Дата на регистрацията/редакция 2024
Служител, извършил регистрацията/редакцията 30576
Номер на служител Цветомила Тодорова
999 ## - СИСТЕМНИ КОНТРОЛНИ НОМЕРА
Koha biblionumber 502668
Koha biblioitemnumber 502668
Наличности
Код за отписване Код за изгубен артикул Източник на класификационната схема Код за повреда Код за отдаване Артикулен № Име на библиотеката - собственик Име на библиотеката, в която се намира в момента Статус (Текущо местоположение) Дата на вписване в системата Местоположение - отдел Цена в лева Инвентарен номер Систематично азбучна сигнатура Баркод Цена в евро Служебен тип на артикула Коз за рестрикции
  Не е изгубен Universal Decimal Classification Не е повреден заемане за дома 939900 Регионална библиотека "Любен Каравелов" Русе Регионална библиотека "Любен Каравелов" Русе Заемна - подръчен фонд 2024-02-06 Заемна - подръчен фонд 21.82 120000898928 821-9/М 53 У 120000898928 11.16 Книги  
  Не е изгубен Universal Decimal Classification Не е повреден ползва се в читалня 943759 Регионална библиотека "Любен Каравелов" Русе Регионална библиотека "Любен Каравелов" Русе Хранилище 2024-06-11 Хранилище 29.90 120000908869 Цб 323057 120000908869 15.29 Книги само за читалня
Vip Innovations Ltd, Rousse, Bulgaria 2025